000 00699nam a2200205 a 4500
001 000028172
005 20240412074253.0
008 110407s2010 dr ac r 001 p spa d
040 _aDO-SdBNP
_bspa
_cBNPHU
082 _aRD861.44
_bM516p
100 1 _aMejía Baldera, Freddy
_955171
245 1 3 _aLa palabra sin cadena /
_cFreddy Mejía; prólogo Cecilio Antonio Reinoso.
260 _aSanto Domingo :
_bUniversitaria-UASD,
_c2010.
300 _a112 p. :
_bil., retrs. ;
_c21 cm.
590 _aInventariado, 2018/BT
650 0 _aPoesía dominicana
_966
650 0 _aLiteratura dominicana.
_967
700 1 2 _aReinoso, Cecilio Antonio,
_epról.
_955172
910 _aValidado. Control de calidad. EMS
999 _c27664
_d27664